000 00954nam a2200265Ia 4500
003 OSt
005 20220923211233.0
006 a|||||r|||| 00| 0
007 ta
008 220922b |||||||| |||| 00| 0 pan d
020 _a9788171435074 (hbk)
_c120
024 _a265,929
037 _b601, 16/02/2012, H.K. Prakashan
_cTextual
040 _aARTS
_cARTS
_bpan
041 _2pan
_apan
082 _aO153,3M97,KH:g, Q0
100 _aਜਗਦੀਪ ਸਿੰਘ
245 0 _aਕੋਈ ਹਰਿਆ ਬੂਟ ਰਹਿਓ ਰੀ < ਇਕ ਵਿFਲੇFਣ
260 _aਅੰਮ੍ਰਿਤਸਰ
_b ਰਵੀ ਸਾਹਿਤ ਪ੍ਰਕਾFਨ
_c2010
300 _a111ਪੰ
_ccm.
650 _a ਨੋਵਲ ਪੰਜਾਬੀ
_9156353
650 _aਸਾਹਿਤ ਪੰਜਾਬੀ
942 _hO153,3M97,KH:g, Q0
_cTEXL
_2CC
999 _c297441
_d297441